Denník mladých

Bibliographic Details
Format: Journal
Language:Slovak
PhysicalDescription:zv. 21 cm
Published: Bratislava Nová nádej - Misijná práca s mládežou 1993-2002
Bratislava Nová nádej Slovensko
ISSN:1335-4590
Subjects:

MARC

LEADER 00000cas a22000004a 4500
001 vtls008527926
003 SK-MaSNL
005 20260228162105.0
008 060203d19932006xo br|p 0 b0slo
022 |a 1335-4590 
040 |a SVKPO  |b slo  |c SVKPO  |d SNK  |d SAVUK  |e AACR2 
041 0 |a slo 
044 |a xo  |c SK 
080 |a 272  |2 MDT-MRF 
080 |a 070.482  |2 MDT-MRF 
210 0 |a Denník mlad. 
222 0 |a Denník mladých 
245 0 0 |a Denník mladých 
260 |a Bratislava  |b Nová nádej - Misijná práca s mládežou  |c 1993-2002 
260 3 |3 2002-2006  |a Bratislava  |b Nová nádej Slovensko 
300 |a zv.  |c 21 cm 
310 |a 6x ročne 
362 0 |a Roč. 1 (1993) - roč. 14, č. 4 (júl/aug. 2006) 
500 |a Názov vydav. od č. <3> (2002): Nová nádej Slovensko 
650 0 7 |a mládež  |2 SVKPOPH  |9 1575 
650 0 7 |a náboženské časopisy  |2 SVKPOPH  |9 82331 
910 |a svkpo 
910 |a savuk 
958 |a OND 
999 |c 6776  |d 8706 
952 |0 0  |1 0  |4 0  |7 0  |8 0  |a SNK  |b SNK  |d 2015-07-07  |i snk2015/20791  |l 0  |o snkČSD 2209/11/2003  |p 17A1145514  |r 2026-02-21 19:34:51  |t č. 1-6  |w 2026-02-21  |y PREZ 
952 |0 0  |1 0  |4 0  |7 0  |8 0  |a SNK  |b SNK  |d 2015-07-07  |i snk2015/20792  |l 0  |o snkČSD 2209/11/2003 D1  |p 17A1145513  |r 2026-02-21 19:34:51  |t č. 1-6  |w 2026-02-21  |y PREZ 
952 |0 0  |1 0  |4 0  |7 0  |8 0  |a SNK  |b SNK  |d 2015-07-07  |i snk2015/20795  |l 0  |o snkČSD 2209/12/2004  |p 17A1145512  |r 2026-02-21 19:34:51  |t č. 1-6  |w 2026-02-21  |y PREZ 
952 |0 0  |1 0  |4 0  |7 0  |8 0  |a SNK  |b SNK  |d 2015-07-07  |i snk2015/20796  |l 0  |o snkČSD 2209/12/2004 D1  |p 17A1145511  |r 2026-02-21 19:34:51  |t č. 1-6  |w 2026-02-21  |y PREZ 
952 |0 0  |1 0  |4 0  |7 0  |8 0  |a SNK  |b SNK  |d 2015-07-07  |i snk2015/20797  |l 0  |o snkČSD 2209/13/2005  |p 17A1145510  |r 2026-02-21 19:34:51  |t č. 1-6  |w 2026-02-21  |y PREZ  |z Číslo 2/2005 má na obálke uvedené 2/2004 
952 |0 0  |1 0  |4 0  |7 0  |8 0  |a SNK  |b SNK  |d 2015-07-07  |i snk2015/20798  |l 0  |o snkČSD 2209/13/2005 D1  |p 17A1145509  |r 2026-02-21 19:34:51  |t č. 1-6  |w 2026-02-21  |y PREZ  |z Na titulnom liste v časopise Denník Mladých v čísle 2 ročník 13 je chybne uvedený rok 
952 |0 0  |1 0  |4 0  |7 0  |8 0  |a SNK  |b SNK  |d 2015-07-07  |i snk2015/20799  |l 0  |o snkČSD 2209/14/2006  |p 17A1145508  |r 2026-02-21 19:34:51  |t č. 1-4  |w 2026-02-21  |y PREZ 
952 |0 0  |1 0  |4 0  |7 0  |8 0  |a SNK  |b SNK  |d 2015-07-07  |i snk2015/20807  |l 0  |o snkČSD 2209/14/2006 D1  |p 17A1145507  |r 2026-02-21 19:34:59  |t č. 1-4  |w 2026-02-21  |y PREZ  |z Číslo 2/2005 má na obálke uvedené 2/2004 
952 |0 0  |1 0  |4 0  |7 0  |8 0  |a SNK  |b SNK  |d 2024-10-23  |i snk2004/1706  |l 0  |o snkČSD 2209/1999 D1  |p 17A1317783  |r 2026-02-21 19:50:24  |t č. 1-6, neúplné  |w 2026-02-21  |y PREZ  |z chýba č. 2-3